Jerusalén : (Record no. 186523)
[ view plain ]
| 000 -LEADER | |
|---|---|
| campo de control de longitud fija | 01207nam a2200277 i 4500 |
| 001 - NÚMERO DE CONTROL | |
| campo de control | 186523 |
| 003 - IDENTIFICADOR DE NÚMERO DE CONTROL | |
| campo de control | SpMaBN |
| 005 - FECHA Y HORA DE LA ÚLTIMA TRANSACCIÓN | |
| campo de control | 20230906222704.0 |
| 008 - DATOS DE LONGITUD FIJA--INFORMACIÓN GENERAL | |
| campo de control de longitud fija | 161122s2009 sp abo c |||| | spa d |
| 020 ## - NÚMERO INTERNACIONAL ESTÁNDAR DEL LIBRO | |
| Número Internacional Estándar del Libro | 978-84-613-7173-0 |
| 080 ## - NÚMERO DE LA CLASIFICACIÓN DECIMAL UNIVERSAL | |
| Número de la Clasificación Decimal Universal | 913(569.44 J.)(084.12)(083.824) |
| 080 ## - NÚMERO DE LA CLASIFICACIÓN DECIMAL UNIVERSAL | |
| Número de la Clasificación Decimal Universal | 391(569.4)"19"(083.824) |
| 245 00 - MENCIÓN DEL TÍTULO | |
| Título | Jerusalén : |
| Resto del título | [a principios del siglo XX, patrimonio y cultura] : [exposición] / |
| Mención de responsabilidad, etc. | [traducciones, Catalina Martínez]. |
| 260 ## - PUBLICACIÓN, DISTRIBUCIÓN, ETC. | |
| Lugar de publicación, distribución, etc. | Madrid : |
| Nombre del editor, distribuidor, etc. | Casa Árabe-IEAM, |
| Fecha de publicación, distribución, etc. | [2009] |
| 300 ## - DESCRIPCIÓN FÍSICA | |
| Extensión | 2 v. : |
| Otras características físicas | il., fot. col. y n., 1 mapa ; |
| Dimensiones | 21 x 21 cm. |
| 505 8# - NOTA DE CONTENIDO CON FORMATO | |
| Nota de contenido con formato | Contiene: [1]. El vestido tradicional: patrimonio etnográfico y cultural de Palestina (23 p.) - [2]. Fotografía antigua en Jerusalén (63 p.) |
| 650 #4 - PUNTO DE ACCESO ADICIONAL DE MATERIA--TÉRMINO DE MATERIA | |
| Término de materia o nombre geográfico como elemento de entrada | Traje- |
| Subdivisión geográfica | Palestina- |
| Subdivisión de forma | Exposiciones. |
| 9 (RLIN) | 161350 |
| 650 #4 - PUNTO DE ACCESO ADICIONAL DE MATERIA--TÉRMINO DE MATERIA | |
| Término de materia o nombre geográfico como elemento de entrada | Fotografía- |
| Subdivisión geográfica | Jerusalén- |
| Subdivisión de forma | Exposiciones. |
| 9 (RLIN) | 161351 |
| 651 #4 - PUNTO DE ACCESO ADICIONAL DE MATERIA--NOMBRE GEOGRÁFICO | |
| Nombre geográfico | Jerusalén- |
| Subdivisión de forma | Exposiciones. |
| 9 (RLIN) | 161352 |
| 655 #7 - TERMINO DE INDIZACIÓN--GENERO/FORMA | |
| Fuente del término | tgfbne |
| 9 (RLIN) | 193628 |
| Datos o término principal de género/forma | Catálogos de exposiciones |
| 700 1# - ENTRADA AGREGADA--NOMBRE PERSONAL | |
| Nombre de persona | Martínez Muñoz, Catalina. |
| 9 (RLIN) | 78271 |
| 710 2# - ENTRADA AGREGADA--NOMBRE DE ENTIDAD CORPORATIVA | |
| Nombre de entidad corporativa o nombre de jurisdicción como elemento de entrada | Casa Árabe e Instituto Internacional de Estudios Árabes y del Mundo Musulmán. |
| 9 (RLIN) | 148163 |
| 852 ## - LOCALIZACIÓN | |
| Ubicación | ES-MaACL |
| Número de control de estantería | L-30867-68 |
| 942 ## - ELEMENTOS DE ENTRADA SECUNDARIOS (KOHA) | |
| Fuente del sistema de clasificación o colocación | Clasificación decimal universal |
| Estatus retirado | Estado de pérdida | Estado de daño | No para préstamo | Biblioteca de origen | Biblioteca actual | Ubicación en estantería | Fecha de adquisición | Fuente de adquisición | Total de préstamos | Signatura topográfica completa | Código de barras | Visto por última vez | Precio de reemplazo | Tipo de ítem Koha |
|---|---|---|---|---|---|---|---|---|---|---|---|---|---|---|
| Biblioteca del Ateneo de Madrid | Biblioteca del Ateneo de Madrid | Depósito 2 | 22/11/2016 | L-30867-68 | 1196690 | 23/02/2023 | 23/02/2023 | Libro impreso |
